Humayun Nama /ہمایون نامہ (Urdu) / (Record no. 187636)

000 -LEADER
fixed length control field 00442 a2200157 4500
003 - CONTROL NUMBER IDENTIFIER
control field NUST
005 - DATE AND TIME OF LATEST TRANSACTION
control field 20230309130721.0
040 ## - CATALOGING SOURCE
Transcribing agency Nust
082 ## - DEWEY DECIMAL CLASSIFICATION NUMBER
Classification number 891.439,NAD
100 ## - MAIN ENTRY--PERSONAL NAME
Personal name Nadvi, Rasheed Akhtar
9 (RLIN) 67229
245 ## - TITLE STATEMENT
Title Humayun Nama /ہمایون نامہ (Urdu) /
Statement of responsibility, etc. Rasheed Akhtar Nadvi
260 ## - PUBLICATION, DISTRIBUTION, ETC.
Place of publication, distribution, etc. Lahore
Name of publisher, distributor, etc. Sang-i-Meel Pub
Date of publication, distribution, etc. 1995
300 ## - PHYSICAL DESCRIPTION
Extent 272;p.
650 ## - SUBJECT ADDED ENTRY--TOPICAL TERM
Topical term or geographic name entry element Urdu Literature
General subdivision Urdu History
9 (RLIN) 110074
942 ## - ADDED ENTRY ELEMENTS (KOHA)
Source of classification or shelving scheme
Koha item type Book
Call number prefix 891.439,NAD
Holdings
Withdrawn status Lost status Source of classification or shelving scheme Damaged status Not for loan Permanent Location Current Location Shelving location Date acquired Full call number Barcode Date last seen Price effective from Koha item type Public note
          Military College of Signals (MCS) Military College of Signals (MCS) General Stacks 12/12/2016 891.439,NAD MCS34191 12/08/2016 12/12/2016 Book Almirah No.65, Shelf No.4
© 2023 Central Library, National University of Sciences and Technology. All Rights Reserved.